From Chinese Chan to Japanese Zen : a remarkable century of transmission and transformation /

Dades bibliogràfiques
Autor principal: Heine, Steven, 1950- (Autor)
Format: Llibre
Idioma:English
Publicat: New York, NY : Oxford University Press, 2018.
Matèries:
Classic Catalogue: View this record in Classic Catalogue
LEADER 01616nam a2200337 i 4500
001 45785
003 BD-DhAAL
005 20260513102139.0
008 260513t2018 nyuab b 001 0 eng
010 |a  2017030123 
020 |a 9780190637491 
020 |a 9780190637507 
020 |a 9780190637538 
035 |a 19780573 
040 |a DLC  |b eng  |c DLC  |e rda  |d DLC  |d BD-DhAAL 
042 |a pcc 
050 0 0 |a BQ9262.6  |b .H45 2018 
082 0 0 |a 294.392709  |2 23 
100 1 |a Heine, Steven,  |d 1950-  |e author.  |9 60708 
245 1 0 |a From Chinese Chan to Japanese Zen :  |b a remarkable century of transmission and transformation /  |c Steven Heine. 
246 3 0 |a From Chinese Chan to Japanese Zen 
260 |a New York, NY :  |b Oxford University Press,  |c 2018. 
300 |a xx, 266 pages :  |b illustrations, maps ;  |c 25 cm 
504 |a Includes bibliographical references and index. 
526 8 |a AAL 
541 |a Donated by Embassy of Japan in Bangladesh, Read Japan Project 2025, The Tokyo Foundation, supported by The Nippon Foundation.  |e 45785 
650 0 |a Zen Buddhism  |x History.  |9 60709 
852 1 |a Ayesha Abed Library  |c General Stacks 
942 |2 ddc  |c BK 
999 |c 47940  |d 47940 
952 |0 0  |1 0  |2 ddc  |4 0  |6 294_392709000000000_HEI  |7 0  |9 79197  |a BRACUL  |b BRACUL  |d 2026-05-13  |e Donated by Embassy of Japan in Bangladesh, Read Japan Project 2025, The Tokyo Foundation, supported by The Nippon Foundation.  |l 0  |o 294.392709 HEI  |p 3010045785  |r 2026-05-13  |t 1  |w 2026-05-13  |y BK  |x Donated copy received from Embassy of Japan in Bangladesh, Read Japan Project 2025, The Tokyo Foundation, supported by The Nippon Foundation on 08 April 2026; $29.74